000 00433nam a2200181Ia 4500
001 19390
005 20260306172649.0
008 260306t1998||||xx |||||||||||||| ||spa||
041 _aESP
082 _a658.88
_bR68
100 _aRivas Gómez, Víctor
_eAUT
245 0 _aEl autofinancimiamiento de las empresas
260 _c1998
300 _a207 páginas :
_c
650 _aGEN
654 _aCAN
942 _cLIB
_dJUS
_fJUS
_2ddc
_n
999 _c19390
_d19390